La Metáfora matricida en el crimen infanticida /

Guardado en:
Bibliografiske detaljer
Hovedforfatter: Chancón Echeverría, Laura
Format: Texto
Fag:
Tags: Tilføj Tag
Ingen Tags, Vær først til at tagge denne postø!

MARC

LEADER 00000 a a2200000 04500
001 8731
003
040
100 |a Chancón Echeverría, Laura  
245 |a La Metáfora matricida en el crimen infanticida /  |c Laura Chancón Echeverría 
650 |a PSICOANALISIS  
773 |g número 11; páginas 97-127  
999 |c 20781  |d 20781